[Event "XIV Festival A"]
[Site "Cesenatico ITA"]
[Date "2010.08.??"]
[Round "5"]
[White "Emami, Madjid"]
[Black "Shalnev, Nikolai"]
[WhiteElo "2031"]
[BlackElo "2436"]
[Result "1/2-1/2"]
[PlyCount "36"]
[EventDate "2010.08.30"]

1. Nf3 c5 2. g3 Nc6 3. Bg2 e5 4. d3 Nf6 5. O-O d5 6. c3 Be7 7. a3 a5 8. a4 h6
9. Nbd2 Be6 10. Qc2 O-O 11. Re1 Qd7 12. e4 dxe4 13. dxe4 Rfd8 14. Bf1 Qc7 15.
Nc4 Bf8 16. Ne3 Rd7 17. Nh4 g6 18. Nhg2 Bg7 1/2-1/2

[Event "XIV Festival A"]
[Site "Cesenatico ITA"]
[Date "2010.08.??"]
[Round "5"]
[White "Pascucci, Marco"]
[Black "Vuelban, Virgilio"]
[WhiteElo "2021"]
[BlackElo "2358"]
[Result "0-1"]
[PlyCount "124"]
[EventDate "2010.08.30"]

1. e4 e6 2. d4 d5 3. Nc3 Nf6 4. Bg5 Bb4 5. exd5 exd5 6. Qf3 O-O 7. Bxf6 Qxf6 8.
Qxf6 gxf6 9. Nge2 c6 10. a3 Bd6 11. O-O-O b5 12. Ng3 a5 13. Nce2 Be6 14. Nh5
Nd7 15. Neg3 Rfb8 16. Bd3 Bg4 17. Rd2 Bf8 18. Bf5 Bxf5 19. Nxf5 Re8 20. Kd1 b4
21. a4 Re6 22. Re1 b3 23. cxb3 Rxe1+ 24. Kxe1 Bb4 25. Kd1 Bxd2 26. Kxd2 Kf8 27.
Kc3 Rb8 28. Ne3 Ke7 29. Nf5+ Kd8 30. h4 Rb4 31. g3 Kc7 32. Nf4 Nf8 33. Nh5 Nd7
34. Ne3 Rb8 35. Nf4 Rb7 36. Nf5 Rb8 37. Ne3 Re8 38. Kd3 Nf8 39. Nh5 Nd7 40. Nf4
Rf8 41. Kc3 Rd8 42. Nf5 Re8 43. Ne3 f5 44. Kd3 Nf6 45. f3 Rb8 46. Kc3 c5 47.
Nxf5 c4 48. bxc4 dxc4 49. d5 Rb3+ 50. Kxc4 Rb4+ 51. Kc3 Rxa4 52. d6+ Kd8 53.
Nd3 Nd5+ 54. Kb3 Nb6 55. g4 f6 56. h5 Ra1 57. Nf4 Kd7 58. Ne2 Nc8 59. f4 Nxd6
60. Nxd6 Kxd6 61. g5 Re1 62. Nd4 Re4 0-1

[Event "XIV Festival A"]
[Site "Cesenatico ITA"]
[Date "2010.08.??"]
[Round "5"]
[White "Ladenhauf, Gideon"]
[Black "Tocchioni, Doriano"]
[WhiteElo "1975"]
[BlackElo "2312"]
[Result "0-1"]
[PlyCount "120"]
[EventDate "2010.08.30"]

1. d4 c5 2. d5 Nf6 3. c4 e5 4. Nc3 Bd6 5. e4 Bc7 6. f3 Ba5 7. Qc2 d6 8. Be3 Na6
9. O-O-O Bd7 10. Nge2 Nc7 11. g4 a6 12. Ng3 b5 13. g5 Ng8 14. Nh5 g6 15. Ng3
bxc4 16. Bxc4 Nb5 17. Bxb5 axb5 18. f4 Qe7 19. fxe5 Qxe5 20. Rhf1 Bd8 21. Bf4
Bxg5 22. Bxg5 Qxg5+ 23. Kb1 b4 24. Qf2 Nh6 25. Nce2 O-O 26. Qf6 Qxf6 27. Rxf6
Ra6 28. e5 Bb5 29. exd6 Ng4 30. Rf4 f5 31. Nc1 Nxh2 32. Nb3 Rc8 33. Rd2 Ng4 34.
Nxf5 gxf5 35. Rxf5 Rxd6 36. Na5 Re8 37. Rg5+ Rg6 38. Rxg6+ hxg6 39. Nb7 Re1+
40. Kc2 c4 41. Rd4 Ba4+ 42. b3 cxb3+ 43. axb3 Bd7 44. Kd2 Re5 45. Nc5 Nf6 46.
Nxd7 Nxd7 47. Kd3 Kf7 48. Kc4 Ke7 49. Kxb4 Kd6 50. Rg4 g5 51. Ka4 Rxd5 52. b4
Nb6+ 53. Kb3 Ke6 54. Re4+ Kf5 55. Re8 g4 56. Rf8+ Ke4 57. Rg8 Kf4 58. Rg6 Rb5
59. Kc3 g3 60. Rf6+ Rf5 0-1

[Event "XIV Festival A"]
[Site "Cesenatico ITA"]
[Date "2010.08.??"]
[Round "5"]
[White "Bossoni, Mario"]
[Black "Lupik, Marina"]
[WhiteElo "1970"]
[BlackElo "2216"]
[Result "0-1"]
[PlyCount "80"]
[EventDate "2010.08.30"]

1. e4 c5 2. d4 cxd4 3. c3 dxc3 4. Nxc3 d6 5. Nf3 Nc6 6. Bc4 Nf6 7. e5 dxe5 8.
Qxd8+ Nxd8 9. Nb5 Rb8 10. Nxe5 e6 11. Nc7+ Ke7 12. Nb5 a6 13. Nc3 Nd7 14. Bf4
Nxe5 15. Bxe5 Ra8 16. O-O-O Nc6 17. Bc7 b5 18. Be2 Ra7 19. Bg3 f5 20. Bf3 Na5
21. Bh4+ Kf7 22. Rd8 g6 23. Bg5 Bg7 24. Rhd1 Rxd8 25. Rxd8 Rc7 26. Kb1 Nc4 27.
Bf4 Be5 28. Bxe5 Nxe5 29. Be2 Bb7 30. f4 Nc6 31. Rd2 Ne7 32. g3 Nd5 33. Nxd5
Bxd5 34. b3 Kf6 35. Kb2 g5 36. fxg5+ Kxg5 37. a3 f4 38. gxf4+ Kxf4 39. Bh5 Rg7
40. Rf2+ Ke5 0-1

[Event "XIV Festival A"]
[Site "Cesenatico ITA"]
[Date "2010.08.??"]
[Round "5"]
[White "Schaefer, Michael"]
[Black "Niccoli, Paolo"]
[WhiteElo "2215"]
[BlackElo "1962"]
[Result "1/2-1/2"]
[PlyCount "36"]
[EventDate "2010.08.30"]

1. d4 Nf6 2. Nf3 c5 3. d5 b5 4. c4 g6 5. cxb5 a6 6. e3 axb5 7. Bxb5 Ba6 8. Bxa6
Qa5+ 9. Nc3 Qxa6 10. Qe2 Bg7 11. e4 d6 12. Bf4 Nbd7 13. Qxa6 Rxa6 14. O-O O-O
15. Rfe1 Rb8 16. Re2 Rab6 17. Bc1 Ng4 18. Rc2 Nge5 1/2-1/2

[Event "XIV Festival A"]
[Site "Cesenatico ITA"]
[Date "2010.08.??"]
[Round "6"]
[White "Cordova, Emilio"]
[Black "Lain, Luigi"]
[WhiteElo "2560"]
[BlackElo "2218"]
[Result "1-0"]
[PlyCount "71"]
[EventDate "2010.08.30"]

1. d4 d5 2. Nf3 c5 3. e3 Nc6 4. c4 Nf6 5. cxd5 Nxd5 6. e4 Nf6 7. d5 Nxe4 8.
dxc6 Qxd1+ 9. Kxd1 Nxf2+ 10. Ke1 Nxh1 11. cxb7 Bxb7 12. Bb5+ Kd8 13. Ne5 Kc7
14. Nxf7 Rg8 15. Bf4+ Kb6 16. Bc4 g5 17. Be3 Bg7 18. Nc3 Bxc3+ 19. bxc3 Bxg2
20. Rb1+ Ka5 21. Rb5+ Ka4 22. Rb2 Bf3 23. Ne5 Rgb8 24. Bb3+ Ka5 25. Bxc5 g4 26.
Kd2 Rb5 27. Bd4 Bb7 28. a4 Rxb3 29. Rxb3 Bg2 30. c4 Rc8 31. Kc3 Be4 32. Nd7 g3
33. Rb5+ Kxa4 34. Nc5+ Rxc5 35. Bxc5 Nf2 36. hxg3 1-0

[Event "XIV Festival A"]
[Site "Cesenatico ITA"]
[Date "2010.08.??"]
[Round "6"]
[White "Roeder, Matthias"]
[Black "Salvador, Roland"]
[WhiteElo "2392"]
[BlackElo "2498"]
[Result "0-1"]
[PlyCount "64"]
[EventDate "2010.08.30"]

1. Nf3 Nf6 2. c4 c6 3. d4 d5 4. e3 a6 5. Bd3 Bg4 6. Nbd2 e6 7. b3 c5 8. O-O
cxd4 9. exd4 Bb4 10. h3 Bh5 11. Qc2 Nc6 12. Bb2 dxc4 13. bxc4 Bxd2 14. Nxd2
Nxd4 15. Qc3 Bg6 16. Rfe1 Nb5 17. Rxe6+ fxe6 18. Bxg6+ hxg6 19. cxb5 axb5 20.
Qb4 Qd5 21. a4 Rxa4 22. Rxa4 bxa4 23. Nc4 Kf7 24. Ne5+ Kg8 25. Qe7 Kh7 26. Qf7
Qe4 27. Bc3 Rd8 28. g4 Rd1+ 29. Kh2 Rh1+ 30. Kg3 Rg1+ 31. Kh4 g5+ 32. Kxg5 Qf5+
0-1

[Event "XIV Festival A"]
[Site "Cesenatico ITA"]
[Date "2010.08.??"]
[Round "6"]
[White "Petkov, Vladimir"]
[Black "Friedrich, Norbert"]
[WhiteElo "2496"]
[BlackElo "2315"]
[Result "1-0"]
[PlyCount "59"]
[EventDate "2010.08.30"]

1. Nf3 Nf6 2. c4 c6 3. Nc3 d5 4. e3 e6 5. b3 Nbd7 6. Bb2 Bd6 7. Qc2 O-O 8. Be2
b6 9. Rg1 Bb7 10. g4 a6 11. g5 Ne8 12. h4 e5 13. h5 Nc7 14. Bd3 e4 15. Bxe4
dxe4 16. Nxe4 Be7 17. Nh4 c5 18. Nf5 Bxe4 19. Qxe4 Ne6 20. h6 g6 21. Qxa8 gxf5
22. Qd5 Re8 23. Qxf5 Ndf8 24. O-O-O Ng6 25. f4 b5 26. Qc2 Nexf4 27. exf4 Nxf4
28. Kb1 Nd3 29. Qc3 Nxb2 30. Qg7# 1-0

[Event "XIV Festival A"]
[Site "Cesenatico ITA"]
[Date "2010.08.??"]
[Round "6"]
[White "Dittmar, Peter"]
[Black "Sveshnikov, Evgeny E."]
[WhiteElo "2326"]
[BlackElo "2487"]
[Result "1/2-1/2"]
[PlyCount "77"]
[EventDate "2010.08.30"]

1. c4 e6 2. g3 d5 3. Nf3 dxc4 4. Qa4+ Bd7 5. Qxc4 c5 6. Ne5 Nc6 7. Nxd7 Qxd7 8.
Bg2 Rc8 9. O-O Nf6 10. Qa4 Be7 11. d3 O-O 12. Nc3 Rfd8 13. Bxc6 Rxc6 14. Be3 a6
15. Rfd1 b5 16. Qb3 Nd5 17. Bd2 Qc8 18. a4 c4 19. dxc4 bxc4 20. Qc2 Nb4 21. Qe4
f5 22. Qg2 Bf6 23. Bf4 e5 24. Rxd8+ Qxd8 25. Rd1 Rd6 26. Rxd6 Qxd6 27. Qa8+ Qf8
28. Qxf8+ Kxf8 29. Be3 Be7 30. a5 Nc6 31. Bb6 Bb4 32. Nd5 Bd2 33. Nc7 Bc1 34.
Nxa6 Bxb2 35. Nc5 Ke7 36. a6 c3 37. a7 Nxa7 38. Bxa7 c2 39. Nb3 1/2-1/2

[Event "XIV Festival A"]
[Site "Cesenatico ITA"]
[Date "2010.08.??"]
[Round "6"]
[White "Stips, Felix"]
[Black "Levin, Felix"]
[WhiteElo "2206"]
[BlackElo "2472"]
[Result "0-1"]
[PlyCount "54"]
[EventDate "2010.08.30"]

1. Nf3 Nf6 2. c4 e6 3. Nc3 d5 4. d4 dxc4 5. e3 a6 6. Bxc4 b5 7. Bd3 Bb7 8. O-O
c5 9. dxc5 Bxc5 10. e4 Nbd7 11. Bf4 Nh5 12. Bd2 Qb8 13. Re1 Nhf6 14. h3 Bd6 15.
Qe2 Ne5 16. Nxe5 Bxe5 17. f4 Bxf4 18. Bxb5+ Kf8 19. Bxf4 Qxf4 20. e5 axb5 21.
Qxb5 Qd4+ 22. Kh1 Rb8 23. Rad1 Qf2 24. Qb4+ Kg8 25. Ne4 Nxe4 26. Qxb7 Qxe1+ 27.
Kh2 Qg3+ 0-1

[Event "XIV Festival A"]
[Site "Cesenatico ITA"]
[Date "2010.08.??"]
[Round "6"]
[White "Drei, Andrea"]
[Black "Marholev, Dimitar"]
[WhiteElo "2254"]
[BlackElo "2428"]
[Result "1/2-1/2"]
[PlyCount "121"]
[EventDate "2010.08.30"]

1. e4 e5 2. Nf3 Nc6 3. d4 exd4 4. Bb5 Bb4+ 5. Bd2 Bxd2+ 6. Qxd2 Nf6 7. e5 Ne4
8. Qf4 Nc5 9. Nxd4 Nxd4 10. Qxd4 Ne6 11. Qe4 O-O 12. Nc3 f5 13. Qe3 f4 14. Qe4
Ng5 15. Qd4 f3 16. g3 Kh8 17. h4 Ne6 18. Qe4 Nc5 19. Qe3 d6 20. O-O-O Qe7 21.
Rhe1 a6 22. Nd5 Qd8 23. Bc4 b5 24. exd6 cxd6 25. Bd3 Nxd3+ 26. Rxd3 Bf5 27. Rc3
Rc8 28. Qd4 Rxc3 29. Qxc3 Bg6 30. Re7 Bf7 31. a3 a5 32. Qd4 b4 33. a4 h6 34. b3
Qc8 35. Nf4 Qf5 36. Ne6 Rg8 37. g4 Qxe6 38. Rxe6 Bxe6 39. g5 h5 40. Qxd6 Bf5
41. Qe5 Bg6 42. Qxa5 Rc8 43. Kd2 Rxc2+ 44. Ke3 Rc3+ 45. Kf4 Rxb3 46. Qb6 Kh7
47. a5 Rb1 48. a6 Ra1 49. Qxb4 Rxa6 50. Kxf3 Re6 51. Kf4 Re8 52. f3 Kg8 53. Qd6
Kh7 54. Kg3 Rc8 55. f4 Bf5 56. Qe5 g6 57. Kf2 Kg8 58. Ke3 Rd8 59. Qe7 Rd3+ 60.
Ke2 Rd7 61. Qe8+ 1/2-1/2

[Event "XIV Festival A"]
[Site "Cesenatico ITA"]
[Date "2010.08.??"]
[Round "6"]
[White "Facchetti, Gianni"]
[Black "Sveshnikov, Vladimir"]
[WhiteElo "2151"]
[BlackElo "2391"]
[Result "0-1"]
[PlyCount "102"]
[EventDate "2010.08.30"]

1. e4 Nf6 2. e5 Nd5 3. d4 d6 4. exd6 exd6 5. Be2 Be7 6. Bf3 Nf6 7. Ne2 O-O 8.
Ng3 Nc6 9. O-O Re8 10. c3 Bf8 11. Bg5 h6 12. Bxf6 Qxf6 13. Qd3 g6 14. Na3 Bd7
15. Rfe1 Rxe1+ 16. Rxe1 Re8 17. Rxe8 Bxe8 18. Nb5 Qd8 19. Na3 Bg7 20. Nc2 Qe7
21. Qe3 Qxe3 22. Nxe3 Bf6 23. Ng4 Kg7 24. Nxf6 Kxf6 25. Bxc6 Bxc6 26. f3 g5 27.
Kf2 Kg6 28. c4 f5 29. Ne2 f4 30. Nc3 Kf5 31. Ke2 h5 32. Kf2 a5 33. b3 g4 34.
Ne2 gxf3 35. gxf3 b5 36. Ng1 bxc4 37. bxc4 Bb7 38. Ke1 Ba6 39. c5 dxc5 40. dxc5
Ke5 41. h4 Kd4 42. Kf2 Kxc5 43. Nh3 Kb4 44. Nxf4 Bc4 45. a3+ Kxa3 46. Nxh5 a4
47. Nf4 Kb3 48. h5 a3 49. h6 Bg8 50. Nd3 Bh7 51. Nc5+ Kb2 0-1

[Event "XIV Festival A"]
[Site "Cesenatico ITA"]
[Date "2010.08.??"]
[Round "6"]
[White "Vuelban, Virgilio"]
[Black "Massironi, Marco"]
[WhiteElo "2358"]
[BlackElo "2139"]
[Result "1/2-1/2"]
[PlyCount "41"]
[EventDate "2010.08.30"]

1. e4 c5 2. Nf3 d6 3. d4 cxd4 4. Nxd4 Nf6 5. Nc3 a6 6. Be3 e5 7. Nb3 Be6 8. f3
Nbd7 9. g4 Nb6 10. Qd2 d5 11. Bxb6 Qxb6 12. g5 d4 13. Na4 Qc6 14. gxf6 Qxa4 15.
fxg7 Bxg7 16. Qg5 Qb4+ 17. Kd1 Rg8 18. Qh4 h6 19. Rb1 Qe7 20. Qxe7+ Kxe7 21. a3
1/2-1/2

[Event "XIV Festival A"]
[Site "Cesenatico ITA"]
[Date "2010.08.??"]
[Round "6"]
[White "Rotoni, Matteo"]
[Black "De Santis, Alessio"]
[WhiteElo "2148"]
[BlackElo "2348"]
[Result "1/2-1/2"]
[PlyCount "47"]
[EventDate "2010.08.30"]

1. e4 c5 2. c3 e6 3. d4 d5 4. e5 Nc6 5. Nf3 Bd7 6. Be2 Nge7 7. O-O Nf5 8. Bd3
Qb6 9. dxc5 Bxc5 10. b4 Be7 11. b5 Na5 12. a4 Rc8 13. Ba3 Nc4 14. Bxe7 Nxe7 15.
Qe2 Ng6 16. g3 O-O 17. h4 f6 18. exf6 gxf6 19. Nbd2 Nd6 20. c4 e5 21. h5 Ne7
22. cxd5 Bg4 23. a5 Qc5 24. Bxh7+ 1/2-1/2

[Event "XIV Festival A"]
[Site "Cesenatico ITA"]
[Date "2010.08.??"]
[Round "6"]
[White "Kanina, Adriatik"]
[Black "Damia, Angelo"]
[WhiteElo "2128"]
[BlackElo "2281"]
[Result "1/2-1/2"]
[PlyCount "44"]
[EventDate "2010.08.30"]

1. d4 d6 2. c4 e5 3. d5 f5 4. e4 fxe4 5. Nc3 Nf6 6. Nge2 Bf5 7. Ng3 Bg6 8. Bg5
Be7 9. Bxf6 Bxf6 10. Ngxe4 Nd7 11. Bd3 O-O 12. Qd2 b6 13. O-O a5 14. Rae1 Qe7
15. Ng3 Bg5 16. Qc2 Bxd3 17. Qxd3 Nc5 18. Qc2 Rf4 19. Nge4 Nxe4 20. Nxe4 Raf8
21. a3 Bh6 22. b4 axb4 1/2-1/2

[Event "XIV Festival A"]
[Site "Cesenatico ITA"]
[Date "2010.08.??"]
[Round "6"]
[White "Lupik, Marina"]
[Black "Lucchi, Lorenzo"]
[WhiteElo "2216"]
[BlackElo "2075"]
[Result "1/2-1/2"]
[PlyCount "92"]
[EventDate "2010.08.30"]

1. e4 c5 2. c3 d5 3. exd5 Qxd5 4. d4 Nc6 5. Nf3 cxd4 6. cxd4 e5 7. Nc3 Bb4 8.
Bd2 Bxc3 9. Bxc3 e4 10. Ne5 Nxe5 11. dxe5 Ne7 12. Qa4+ Bd7 13. Qa3 Nc6 14. Rd1
Qe6 15. Qc5 Qe7 16. Qd5 Bf5 17. Bb5 O-O 18. O-O Rfd8 19. Qb3 Nxe5 20. Rd5 Rxd5
21. Qxd5 Rd8 22. Qxe5 Qxe5 23. Bxe5 Rd5 24. Bxg7 Kxg7 25. Bc4 Rd2 26. b4 Bd7
27. h3 a6 28. Rc1 Bc6 29. Rc3 f5 30. Bb3 f4 31. Rc2 Rd1+ 32. Kh2 Rd4 33. g3
Rxb4 34. gxf4 Rd4 35. Kg3 Rd3+ 36. Kg4 Kf6 37. f5 Bd7 38. Be6 Bxe6 39. fxe6
Kxe6 40. Kf4 Rxh3 41. Kxe4 Ra3 42. f4 Ra4+ 43. Kf3 Rd4 44. Rc3 Kf5 45. Ke3 Rxf4
46. Kd3 Rb4 1/2-1/2

[Event "XIV Festival A"]
[Site "Cesenatico ITA"]
[Date "2010.08.??"]
[Round "6"]
[White "Klocker, Benedikt"]
[Black "Salzano, Guido"]
[WhiteElo "2211"]
[BlackElo "1998"]
[Result "1-0"]
[PlyCount "57"]
[EventDate "2010.08.30"]

1. e4 c5 2. Nf3 Nc6 3. d4 cxd4 4. Nxd4 Nf6 5. Nc3 e5 6. Ndb5 d6 7. Bg5 a6 8.
Na3 b5 9. Bxf6 gxf6 10. Nd5 Bg7 11. c3 f5 12. exf5 Bxf5 13. Nc2 O-O 14. Nce3
Be6 15. Bd3 f5 16. Qh5 e4 17. Bc2 Ne5 18. Rd1 Ng6 19. g4 Nh4 20. gxf5 Bxf5 21.
Nxf5 Rxf5 22. Qg4 Nf3+ 23. Kf1 Re5 24. Bxe4 Ng5 25. Bg2 Ra7 26. f4 Rf7 27. Kg1
Rxd5 28. Bxd5 Qb6+ 29. Kg2 1-0

[Event "XIV Festival A"]
[Site "Cesenatico ITA"]
[Date "2010.08.??"]
[Round "6"]
[White "Meijers, Viesturs"]
[Black "Gerhard, Walter"]
[WhiteElo "2474"]
[BlackElo "1991"]
[Result "1-0"]
[PlyCount "97"]
[EventDate "2010.08.30"]

1. e4 e6 2. d4 d5 3. exd5 exd5 4. Nf3 Nf6 5. c4 c6 6. Nc3 Be7 7. Bd3 O-O 8. O-O
Nbd7 9. h3 dxc4 10. Bxc4 Nb6 11. Bb3 Bf5 12. Be3 Nbd5 13. Ne5 h6 14. Qf3 Bh7
15. Rac1 Qd6 16. Rfd1 Rad8 17. Nd3 Nxc3 18. bxc3 Be4 19. Qe2 Bxd3 20. Qxd3 Nd5
21. Bd2 Bg5 22. Bxg5 hxg5 23. g3 Qf6 24. Re1 Rfe8 25. Rcd1 g6 26. Re5 Nc7 27.
Rde1 Rxe5 28. dxe5 Rxd3 29. exf6 Ne6 30. Bxe6 fxe6 31. Rxe6 Kf7 32. Re7+ Kxf6
33. Rxb7 Rxc3 34. Rxa7 Rc2 35. Kg2 Rc3 36. Rc7 Kf5 37. a4 c5 38. Rc6 c4 39. g4+
Kf4 40. a5 Rc2 41. Rxg6 Ra2 42. a6 c3 43. Rc6 Ke4 44. Rxc3 Rxa6 45. Rc5 Rg6 46.
Kg3 Kd4 47. Rf5 Ke4 48. f3+ Kd4 49. f4 1-0

[Event "XIV Festival A"]
[Site "Cesenatico ITA"]
[Date "2010.08.??"]
[Round "6"]
[White "Shalnev, Nikolai"]
[Black "Gaspari, Mauro"]
[WhiteElo "2436"]
[BlackElo "1963"]
[Result "1/2-1/2"]
[PlyCount "55"]
[EventDate "2010.08.30"]

1. e4 d6 2. d4 Nf6 3. Bd3 e5 4. dxe5 dxe5 5. Nf3 Nbd7 6. O-O Be7 7. b3 c6 8.
Bb2 Qc7 9. Nbd2 b5 10. a4 Rb8 11. Ra2 Bd6 12. Qa1 a6 13. axb5 cxb5 14. c4 b4
15. Re1 O-O 16. Nf1 Nc5 17. Bc2 Bb7 18. Ng3 Rfe8 19. Nf5 Nfd7 20. Qc1 f6 21.
Qe3 Ne6 22. Nxd6 Qxd6 23. Rd1 Qc7 24. Ne1 Ndc5 25. f3 Red8 26. Raa1 Bc6 27. Kf2
a5 28. Rxd8+ 1/2-1/2

[Event "XIV Festival A"]
[Site "Cesenatico ITA"]
[Date "2010.08.??"]
[Round "6"]
[White "Astanovskaya, Yulia"]
[Black "Schaefer, Michael"]
[WhiteElo "1955"]
[BlackElo "2215"]
[Result "0-1"]
[PlyCount "76"]
[EventDate "2010.08.30"]

1. e4 c5 2. c3 d5 3. exd5 Qxd5 4. d4 g6 5. Nf3 Bg7 6. Be2 cxd4 7. cxd4 Nh6 8.
Nc3 Qd8 9. O-O O-O 10. Be3 Nf5 11. Qd2 b6 12. Rfd1 Bb7 13. d5 Nxe3 14. Qxe3 Na6
15. Bxa6 Bxa6 16. Nd4 Qd7 17. Rac1 Rac8 18. Nc6 Rfe8 19. b4 e6 20. b5 Bxc3 21.
bxa6 Bb2 22. dxe6 Qc7 23. Rd7 Rxe6 24. Rxc7 Rxc7 25. Qf4 Bxc1 26. Qb4 Rexc6 27.
g3 Bh6 28. Qh4 Bf8 29. Kg2 Be7 30. Qe4 Kg7 31. h3 Bf6 32. Qd5 Rc2 33. Qd6 Re7
34. a4 Ree2 35. Qb8 Rxf2+ 36. Kg1 Rg2+ 37. Kf1 Rcf2+ 38. Ke1 Bc3+ 0-1

[Event "XIV Festival A"]
[Site "Cesenatico ITA"]
[Date "2010.08.??"]
[Round "6"]
[White "Niccoli, Paolo"]
[Black "Bonacci, Mauro"]
[WhiteElo "1962"]
[BlackElo "2198"]
[Result "0-1"]
[PlyCount "60"]
[EventDate "2010.08.30"]

1. e4 c5 2. Nf3 d6 3. d4 cxd4 4. Nxd4 Nf6 5. Nc3 a6 6. Bg5 e6 7. f4 Be7 8. Qf3
Nbd7 9. O-O-O h6 10. Qh3 Qb6 11. Bc4 Nc5 12. Rhe1 Qc7 13. Bb3 Bd7 14. e5 dxe5
15. fxe5 Nd5 16. Bxe7 Nxe7 17. Qf3 Ng6 18. Qe3 O-O 19. g4 b5 20. Nf3 a5 21. g5
h5 22. Rxd7 Nxb3+ 23. axb3 Qxd7 24. Ne4 a4 25. Nf6+ gxf6 26. gxf6 axb3 27. Nd4
Ra1+ 28. Kd2 Rxe1 29. Qh6 Qxd4+ 30. Kxe1 Qxe5+ 0-1

[Event "XIV Festival A"]
[Site "Cesenatico ITA"]
[Date "2010.08.??"]
[Round "7"]
[White "Petkov, Vladimir"]
[Black "Cordova, Emilio"]
[WhiteElo "2496"]
[BlackElo "2560"]
[Result "1/2-1/2"]
[PlyCount "23"]
[EventDate "2010.08.30"]

1. d4 Nf6 2. c4 e6 3. Nf3 b6 4. g3 Ba6 5. b3 Bb4+ 6. Bd2 Be7 7. Bg2 c6 8. O-O
d5 9. Bc3 Nbd7 10. Nbd2 O-O 11. Re1 c5 12. Bb2 1/2-1/2

[Event "XIV Festival A"]
[Site "Cesenatico ITA"]
[Date "2010.08.??"]
[Round "7"]
[White "Sveshnikov, Evgeny E."]
[Black "Drei, Andrea"]
[WhiteElo "2487"]
[BlackElo "2254"]
[Result "1/2-1/2"]
[PlyCount "47"]
[EventDate "2010.08.30"]

1. e4 c5 2. Nf3 a6 3. c3 d5 4. exd5 Nf6 5. c4 e6 6. dxe6 Bxe6 7. Be2 Nc6 8. O-O
Qc7 9. b3 O-O-O 10. Bb2 Bd6 11. d3 Ng4 12. h3 h5 13. Nbd2 Bh2+ 14. Kh1 Bf4 15.
a3 Bf5 16. Qc2 Bg3 17. Kg1 Bh2+ 18. Kh1 Bg3 19. fxg3 Qxg3 20. Qc3 Nd4 21. Qa5
Nxe2 22. Qxc5+ Kb8 23. Qxf5 Qh2+ 24. Nxh2 1/2-1/2

[Event "XIV Festival A"]
[Site "Cesenatico ITA"]
[Date "2010.08.??"]
[Round "7"]
[White "Marholev, Dimitar"]
[Black "Dittmar, Peter"]
[WhiteElo "2428"]
[BlackElo "2326"]
[Result "1/2-1/2"]
[PlyCount "94"]
[EventDate "2010.08.30"]

1. e4 e6 2. d4 d5 3. Nd2 c5 4. Ngf3 Nc6 5. exd5 exd5 6. Bb5 Qe7+ 7. Qe2 cxd4 8.
Nxd4 Qxe2+ 9. Kxe2 Bd7 10. N2b3 Nf6 11. c3 Bd6 12. f3 O-O 13. Kf2 a6 14. Be2
Rfe8 15. Be3 Ne5 16. Bg5 Neg4+ 17. Kg1 h6 18. Bh4 g5 19. Bg3 Ne5 20. Bf2 Re7
21. Nd2 Rae8 22. Nf1 Ng6 23. Bd3 Nf4 24. Rd1 N6h5 25. Ng3 Nxg3 26. hxg3 Nxd3
27. Rxd3 Kg7 28. Rd1 Bc5 29. g4 Kg6 30. Kh2 Bxd4 31. Bxd4 Re2 32. Kg3 f5 33.
gxf5+ Bxf5 34. Bc5 h5 35. Rxd5 h4+ 36. Kh2 h3 37. Rg1 Rh8 38. Rd6+ Be6 39. Kg3
hxg2 40. Rxe6+ Rxe6 41. Rxg2 Kf5 42. Rd2 Rc8 43. Bf2 Rce8 44. Rd7 R8e7 45. Rd8
Re8 46. Rd7 R8e7 47. Rd8 Re8 1/2-1/2

[Event "XIV Festival A"]
[Site "Cesenatico ITA"]
[Date "2010.08.??"]
[Round "7"]
[White "Sveshnikov, Vladimir"]
[Black "Tocchioni, Doriano"]
[WhiteElo "2391"]
[BlackElo "2312"]
[Result "1-0"]
[PlyCount "70"]
[EventDate "2010.08.30"]

1. e4 Nc6 2. d4 d6 3. Nc3 Nf6 4. Nf3 Bg4 5. Be3 e5 6. Bb5 Nd7 7. d5 Ncb8 8. Be2
Be7 9. Nd2 Bxe2 10. Qxe2 O-O 11. O-O-O Bg5 12. Bxg5 Qxg5 13. h4 Qe7 14. g4 Na6
15. Nc4 Nb6 16. Ne3 Nc5 17. Nf5 Qd7 18. g5 Nba4 19. Nb1 b5 20. h5 Nb6 21. Qf3
Ne6 22. dxe6 fxe6 23. Qb3 Kh8 24. Ne3 Rf4 25. Nd2 Raf8 26. f3 c5 27. Ng2 R4f7
28. g6 Rf6 29. gxh7 c4 30. Qe3 b4 31. Nh4 Rc8 32. Ng6+ Kxh7 33. Rdg1 c3 34. h6
cxd2+ 35. Qxd2 Qd8 1-0

[Event "XIV Festival A"]
[Site "Cesenatico ITA"]
[Date "2010.08.??"]
[Round "7"]
[White "Friedrich, Norbert"]
[Black "Klocker, Benedikt"]
[WhiteElo "2315"]
[BlackElo "2211"]
[Result "1-0"]
[PlyCount "87"]
[EventDate "2010.08.30"]

1. e4 c5 2. Nf3 d6 3. c3 Nf6 4. h3 Nc6 5. Bd3 g6 6. Bc2 Bg7 7. d4 cxd4 8. cxd4
O-O 9. Nc3 a6 10. O-O b5 11. Bg5 Bb7 12. Re1 Nd7 13. Rc1 Re8 14. Qd2 Rc8 15.
Bb1 Qa5 16. h4 e6 17. Qe3 Qb4 18. a3 Qa5 19. Bh6 Bh8 20. Rcd1 Nb6 21. Ba2 Ne7
22. Qf4 Nc6 23. Ng5 Re7 24. d5 Be5 25. Qf3 Nd4 26. Rxd4 Bxd4 27. Rd1 Bg7 28.
Bxg7 Kxg7 29. dxe6 f6 30. Nf7 Nc4 31. Nxd6 Ne5 32. Qe3 Rd8 33. Qc5 Qc7 34. Qxc7
Rxc7 35. Nf5+ gxf5 36. Rxd8 fxe4 37. Rg8+ Kh6 38. Bd5 f5 39. Bxb7 Rxb7 40. Nd5
Ng6 41. Rd8 Ne7 42. Rd7 Rxd7 43. exd7 Nc6 44. Ne7 1-0

[Event "XIV Festival A"]
[Site "Cesenatico ITA"]
[Date "2010.08.??"]
[Round "7"]
[White "Brunner, Werner"]
[Black "Meijers, Viesturs"]
[WhiteElo "2149"]
[BlackElo "2474"]
[Result "1/2-1/2"]
[PlyCount "148"]
[EventDate "2010.08.30"]

1. d4 e6 2. Nf3 Nf6 3. e3 c5 4. Nbd2 a6 5. Bd3 b5 6. c3 Bb7 7. O-O Be7 8. e4
Nc6 9. a3 Qb6 10. dxc5 Bxc5 11. Nb3 Be7 12. Be3 Qc7 13. h3 d5 14. exd5 Nxd5 15.
Bc5 Rd8 16. Bxe7 Ncxe7 17. Qc2 Nf4 18. Be4 Ned5 19. Rfe1 h6 20. Rad1 O-O 21.
Ne5 Nf6 22. Bxb7 Qxb7 23. f3 N6d5 24. Nd4 Rfe8 25. Kh2 f6 26. Nd3 Nxd3 27. Rxd3
Qc7+ 28. g3 Qb6 29. Red1 Kh8 30. Qe2 Nc7 31. Kg2 Rd5 32. Nc2 Red8 33. Ne3 Rxd3
34. Rxd3 Nd5 35. Nxd5 exd5 36. Qd2 Qc6 37. Rd4 Kg8 38. h4 h5 39. Qd3 Qe6 40.
Qd2 Kf7 41. Qf2 Re8 42. Rd2 Qe1 43. Qxe1 Rxe1 44. Kf2 Rb1 45. Ke3 Ke6 46. Kf4
g6 47. g4 Rh1 48. Kg3 f5 49. Re2+ Kd6 50. gxf5 gxf5 51. Kf4 Rxh4+ 52. Kxf5 a5
53. Kg5 Rh1 54. f4 h4 55. Kg4 h3 56. Kg3 a4 57. Rd2 Ke6 58. Rd4 Kd6 59. Rb4 Kc5
60. Rd4 Rb1 61. Rb4 Rh1 62. Rd4 Kd6 63. Rb4 Kc6 64. Rd4 h2 65. Rb4 d4 66. cxd4
Kb6 67. Kg2 Rf1 68. Kxh2 Rxf4 69. Kg3 Rf1 70. Kg4 Kc6 71. Kg3 Rf8 72. Kg4 Rf7
73. Kg3 Rf8 74. Kg4 Rf7 1/2-1/2

[Event "XIV Festival A"]
[Site "Cesenatico ITA"]
[Date "2010.08.??"]
[Round "7"]
[White "Massironi, Marco"]
[Black "Roeder, Matthias"]
[WhiteElo "2139"]
[BlackElo "2392"]
[Result "1/2-1/2"]
[PlyCount "43"]
[EventDate "2010.08.30"]

1. e4 c5 2. Nf3 d6 3. d4 cxd4 4. Nxd4 Nf6 5. Nc3 a6 6. Bg5 e6 7. Qe2 h6 8. Bh4
Be7 9. O-O-O Nxe4 10. Nxe4 Bxh4 11. Nxe6 Bxe6 12. Nxd6+ Kf8 13. Nxf7 Bxf7 14.
Rxd8+ Bxd8 15. Qf3 Nc6 16. Bc4 Bg5+ 17. Kb1 Bf6 18. Bxf7 Kxf7 19. Qb3+ Kg6 20.
Qd3+ Kf7 21. Qb3+ Kg6 22. Qd3+ 1/2-1/2

[Event "XIV Festival A"]
[Site "Cesenatico ITA"]
[Date "2010.08.??"]
[Round "7"]
[White "Emami, Madjid"]
[Black "Vuelban, Virgilio"]
[WhiteElo "2031"]
[BlackElo "2358"]
[Result "0-1"]
[PlyCount "86"]
[EventDate "2010.08.30"]

1. Nf3 Nf6 2. g3 g6 3. Bg2 Bg7 4. O-O O-O 5. d3 c5 6. c3 Nc6 7. a3 d6 8. b4 Nd5
9. b5 Nxc3 10. Nxc3 Bxc3 11. Bh6 Nd4 12. Bxf8 Bxa1 13. Bxe7 Qxe7 14. Qxa1 Nxb5
15. a4 Nc7 16. Nd2 Rb8 17. Ne4 Ne8 18. Rc1 Be6 19. Qc3 b6 20. h4 d5 21. Ng5 d4
22. Qd2 Rd8 23. a5 Nc7 24. axb6 axb6 25. Ra1 Nd5 26. h5 gxh5 27. Nxe6 fxe6 28.
Ra7 Qxa7 29. Qg5+ Kf7 30. Qxd8 Nf6 31. Be4 Kg7 32. Qc8 Qd7 33. Qb8 c4 34. Qf4
c3 35. Qg5+ Kf7 36. Bf3 c2 37. Bxh5+ Nxh5 38. Qxh5+ Ke7 39. Qh4+ Ke8 40. Qg5
Qc6 41. Qg8+ Kd7 42. Qf7+ Kc8 43. Qf8+ Kb7 0-1